Welcome to the Holygrace Academy Library

Please use search bar below to get started

SHELTIE IN DANGER (Record no. 1803)

MARC details
000 -LEADER
fixed length control field 00341nam a22001457a 4500
082 ## - DEWEY DECIMAL CLASSIFICATION NUMBER
Classification number 823
Item number CLO/S
100 ## - MAIN ENTRY--AUTHOR NAME
Personal name CLOVER, PETER
245 ## - TITLE STATEMENT
Title SHELTIE IN DANGER
Remainder of title SHORT STORY
246 ## - VARYING FORM OF TITLE
Title proper/short title SHELTIE IN DANGER
Remainder of title SHORT STORY
260 ## - PUBLICATION, DISTRIBUTION, ETC. (IMPRINT)
Place of publication LONDON
Name of publisher PUFFIN BOOKS
Year of publication 1997
300 ## - PHYSICAL DESCRIPTION
Number of Pages 89
520 ## - SUMMARY, ETC.
Summary, etc SHORT STORY
650 ## - SUBJECT ADDED ENTRY--TOPICAL TERM
Topical Term SHORT STORY
942 ## - ADDED ENTRY ELEMENTS (KOHA)
Koha item type Books
Holdings
Withdrawn status Lost status Collection code Home library Current library Shelving location Date acquired Source of acquisition Cost, normal purchase price Full call number Accession Number Koha item type
    Fiction Main Library Main Library SHELF 4-B ANIMAL ARK 08/11/2013 Purchase 413.00 823 CLO/S 07539 Books
    Fiction Main Library Main Library SHELF 4-B ANIMAL ARK 14/09/2023 23-07-2019 310.00 823 CLO/S 11518 Books